[Event "11th Puhajarve Rapid"]
[Site "Harjumaa EST"]
[Date "2010.11.26"]
[Round "5"]
[White "Ehlvest,J"]
[Black "Siemer,T"]
[Result "1/2-1/2"]
[WhiteElo "2586"]
[BlackElo "2046"]

1.e4 c6 2.d4 d5 3.exd5 cxd5 4.Bd3 Nf6 5.c3 Nc6 6.Bf4 g6 7.Nf3 Bg7 8.O-O O-O
9.Nbd2 Re8 10.Re1 Nh5 11.Bg5 Qd6 12.Bb5 Bg4 13.h3 Bxf3 14.Nxf3 a6 15.Bf1 b5
16.Qd2 Nf6 17.Bd3 e6 18.a3 Na5 19.Qe2 Nc4 20.Rad1 Nd7 21.h4 a5 22.h5 Ndb6
23.hxg6 hxg6 24.Ne5 f6 25.Nxc4 bxc4 26.Bxg6 fxg5 27.Qh5 Re7 28.Qh7+ Kf8 29.Re3 Nd7
30.Rf3+ Nf6 31.Qh5 e5 32.Qxg5 e4 33.Rf5 Ra6 34.g3 Kg8 35.Kg2 Nh7 36.Bxh7+ Kxh7
37.Rh1+ Kg8 38.Rxd5 Qf6 39.Rd8+ Kf7 40.Qd5+ Rae6 41.Rh4 Qf3+ 42.Kg1 Kg6 43.Rf4 Qh5
44.Qxc4 e3 45.Qd3+ Re4 46.Rxe4 exf2+ 47.Kxf2 Qh2+ 48.Kf3 Qh1+ 49.Ke3 Qe1+
50.Kf3 Qh1+ 51.Kf2 Qh2+ 52.Kf3 Qh1+ 53.Kf2 Qh2+ 54.Kf3  1/2-1/2

[Event "11th Puhajarve Rapid"]
[Site "Harjumaa EST"]
[Date "2010.11.27"]
[Round "10"]
[White "Volodin,Alek"]
[Black "Ehlvest,J"]
[Result "0-1"]
[WhiteElo "2481"]
[BlackElo "2586"]

1.d4 Nf6 2.c4 e6 3.Nf3 d5 4.Nc3 a6 5.cxd5 exd5 6.Bg5 Be7 7.e3 O-O 8.Bd3 Be6
9.O-O Nbd7 10.h3 h6 11.Bf4 c5 12.dxc5 Nxc5 13.Nd4 Rc8 14.Rc1 b5 15.Nxe6 fxe6
16.Bb1 Bd6 17.Re1 Bxf4 18.exf4 d4 19.Ne4 Nfxe4 20.Bxe4 Qd6 21.g3 d3 22.Rxc5 Rxc5
23.Qxd3 Qxd3 24.Bxd3 Kf7 25.a4 Rd8 26.Re3 bxa4 27.Bxa6 Rd2 28.Re4 Rc1+ 29.Kg2 Rcc2
30.g4 Rxf2+ 31.Kg3 g5 32.fxg5 hxg5 33.Rxa4 Rg2+ 34.Kf3 Rcf2+ 35.Ke3 Rxb2
36.Bd3 Rb3 37.Ke4 Rg3 38.Bc4 Ra3 39.Rb4 Kf6 40.Rb6 Rge3+ 41.Kd4 Re1 42.Rb8 Ra7
43.Rf8+ Rf7 44.Rh8 Rd7+ 45.Kc3 Rc1+ 46.Kb4 Rb7+ 47.Kc5 Rc7+  0-1

[Event "11th Puhajarve Rapid"]
[Site "Harjumaa EST"]
[Date "2010.11.27"]
[Round "24"]
[White "Ehlvest,J"]
[Black "Leito,P"]
[Result "0-1"]
[WhiteElo "2586"]
[BlackElo "2333"]

1.d4 d5 2.c4 e6 3.Nf3 c5 4.cxd5 exd5 5.g3 Nc6 6.Bg2 Nf6 7.O-O Be7 8.Nc3 O-O
9.Bg5 cxd4 10.Nxd4 Re8 11.e3 Be6 12.Rc1 Qd7 13.Nxe6 fxe6 14.Bh3 h6 15.Bxf6 Bxf6
16.Qd2 Rad8 17.Rfd1 Qf7 18.Qe2 Bxc3 19.Rxc3 e5 20.Bg2 e4 21.Rcc1 Ne5 22.Rd4 Nc6
23.Rdd1 Ne5 24.Rc3 Rc8 25.Rdc1 Qd7 26.Qc2 Rxc3 27.Qxc3 Nd3 28.Rc2 Qg4 29.Qd2 Rc8
30.Rxc8+ Qxc8 31.f3 Qf5 32.fxe4 dxe4 33.h4 Qe5 34.Kh2 Nxb2 35.Qb4 Nd3 36.Qc4+ Kh8
37.Qc8+ Kh7 38.Qxb7 Nf2 39.Qf7 Ng4+ 40.Kh3 Nf6 41.g4 h5 42.Qxa7 hxg4+  0-1

[Event "11th Puhajarve Rapid"]
[Site "Harjumaa EST"]
[Date "2010.11.28"]
[Round "30"]
[White "Ehlvest,J"]
[Black "Schuls,O"]
[Result "0-1"]
[WhiteElo "2586"]
[BlackElo "2224"]

1.d4 Nf6 2.c4 e6 3.Nf3 Bb4+ 4.Bd2 c5 5.Bxb4 cxb4 6.g3 d6 7.Bg2 O-O 8.O-O Nc6
9.Qd2 a5 10.a3 d5 11.cxd5 exd5 12.axb4 Nxb4 13.Nc3 h6 14.Ne5 Be6 15.Nd3 Qe7
16.Nf4 Rfd8 17.Rfe1 Bf5 18.Rac1 Rd6 19.f3 Rad8 20.e4 dxe4 21.fxe4 Nxe4 22.Bxe4 Rxd4
23.Bxf5 Qc5 24.Qf2 Qxf5 25.Re2 g5 26.Nh5 Qxf2+ 27.Rxf2 Nd3 28.Rcf1 Nxf2 29.Rxf2 Rd2
30.Nf6+ Kg7  0-1

[Event "XX Keres Mem Rapid"]
[Site "Tallinn EST"]
[Date "2011.01.08"]
[Round "2"]
[White "Ehlvest,J"]
[Black "Volodin,Alek"]
[Result "1-0"]
[WhiteElo "2586"]
[BlackElo "2487"]

1.c4 c5 2.Nf3 d6 3.d4 cxd4 4.Nxd4 Nf6 5.Nc3 b6 6.e4 Bb7 7.f3 e6 8.Be3 Nbd7
9.Qd2 a6 10.Be2 Be7 11.Rc1 O-O 12.O-O Rc8 13.Rfd1 Qc7 14.Bf1 Rfe8 15.g4 Ne5
16.g5 Nfd7 17.b3 Qb8 18.Bh3 Nc5 19.Qe2 Bf8 20.Bg2 Ng6 21.Qf2 Rcd8 22.b4 Nd7
23.Nb3 Rc8 24.Bf1 Nge5 25.Na4 Ba8 26.c5 b5 27.Nb6 Nxb6 28.cxb6 d5 29.exd5 Bxd5
30.Be2 Bxb4 31.f4 Nc4 32.Bd4 Ba3 33.Rc3 Bd6 34.Rh3 Bxf4 35.Bd3 e5 36.Bxh7+ Kf8
37.Bc5+ Rxc5 38.Qxc5+ Re7 39.Rxd5 Nxb6 40.Rd6 Na4 41.Qd5 Re8 42.Bg6 Qa7+
43.Kf1 fxg6 44.Rh8+ Ke7 45.Qe6+  1-0

[Event "XX Keres Mem Rapid"]
[Site "Tallinn EST"]
[Date "2011.01.09"]
[Round "5"]
[White "Vovk,I"]
[Black "Ehlvest,J"]
[Result "1/2-1/2"]
[WhiteElo "2267"]
[BlackElo "2586"]

1.d4 Nf6 2.c4 e6 3.g3 c5 4.d5 exd5 5.cxd5 d6 6.Nc3 g6 7.Bg2 Bg7 8.Nf3 O-O
9.O-O Na6 10.Nd2 Nc7 11.Nc4 Nh5 12.a4 b6 13.Nb5 Nxb5 14.axb5 f5 15.Bf3 Re8
16.Ra3 Nf6 17.Bf4 Ne4 18.h4 h6 19.Qc1 g5 20.hxg5 hxg5 21.Bxe4 Rxe4 22.Bxg5 Rxc4
23.Bxd8 Rxc1 24.Rxc1 Bxb2 25.Rca1 Bd7 26.Bxb6 Bxa1 27.Rxa1 Bxb5 28.Rxa7 Rxa7
29.Bxa7 Bxe2 30.Bb8 Bf3 31.Bxd6 Bxd5 32.Bxc5  1/2-1/2

[Event "XX Keres Mem Rapid"]
[Site "Tallinn EST"]
[Date "2011.01.09"]
[Round "6"]
[White "Lugovoi,A"]
[Black "Ehlvest,J"]
[Result "1/2-1/2"]
[WhiteElo "2531"]
[BlackElo "2586"]

1.d4 Nf6 2.c4 e6 3.Nc3 d5 4.Nf3 a6 5.cxd5 exd5 6.Bg5 Be7 7.e3 O-O 8.Bd3 Be6
9.Qb3 b5 10.Qc2 Nbd7 11.O-O h6 12.Bxf6 Nxf6 13.Bf5 Qd7 14.Bxe6 Qxe6 15.Ne2 Rac8
16.Nf4 Qb6 17.Rac1 c5 18.dxc5 Rxc5 19.Qf5 Rd8 20.Nd3  1/2-1/2

[Event "RTU Open A"]
[Site "Riga LAT"]
[Date "2011.08.09"]
[Round "1"]
[White "Ehlvest,J"]
[Black "Osis,R"]
[Result "1-0"]
[WhiteElo "2583"]
[BlackElo "2178"]

1.e4 c5 2.Nc3 g6 3.Nf3 Bg7 4.d4 cxd4 5.Nxd4 Nc6 6.Be3 Nf6 7.Bc4 Qa5 8.O-O Ng4
9.Qxg4 Nxd4 10.Qd1 Ne6 11.Nd5 Bxb2 12.Rb1 Bg7 13.f4 Nc7 14.Bb6 axb6 15.Nxc7+ Kd8
16.Nxa8 Qc5+ 17.Kh1 Qxc4 18.e5 b5 19.Nb6 Qc5 20.Nxc8 Kxc8 21.Qd3 b4 22.c3 Rd8
23.cxb4 Qb6 24.Qc4+  1-0

[Event "RTU Open A"]
[Site "Riga LAT"]
[Date "2011.08.10"]
[Round "2"]
[White "Meskovs,N"]
[Black "Ehlvest,J"]
[Result "0-1"]
[WhiteElo "2273"]
[BlackElo "2583"]

1.d4 d6 2.Nf3 g6 3.c4 f5 4.Nc3 Nf6 5.g3 Bg7 6.Bg2 O-O 7.h4 Nc6 8.Bf4 Nh5
9.d5 Na5 10.Qd3 c5 11.Nd2 a6 12.b3 b5 13.Rc1 Rb8 14.Bf3 Bd7 15.Bxh5 gxh5
16.O-O Qe8 17.Rfe1 Qg6 18.Kh2 Rb6 19.e4 bxc4 20.bxc4 fxe4 21.Ncxe4 Rb4 22.Rb1 Ra4
23.a3 h6 24.Rb6 Qg4 25.f3 Qh3+ 26.Kg1 Rxf4 27.gxf4 Bd4+ 28.Re3 Bf5 29.Rb8+ Kf7
30.Kf2 Qxh4+ 31.Kf1 Qh3+ 32.Kf2 Nxc4 33.Nxc4 Rxc4 34.Qxc4 Qh2+ 35.Kf1 Bh3+
36.Ke1 Qg1+ 37.Kd2 Qxe3+ 38.Kc2 Qxf3 39.Qd3 Qxd3+ 40.Kxd3 Bf5 41.Rb7 h4  0-1

[Event "RTU Open A"]
[Site "Riga LAT"]
[Date "2011.08.11"]
[Round "4"]
[White "David,Alb"]
[Black "Ehlvest,J"]
[Result "1/2-1/2"]
[WhiteElo "2609"]
[BlackElo "2583"]

1.d4 Nf6 2.c4 c5 3.d5 e6 4.Nc3 exd5 5.cxd5 d6 6.e4 a6 7.a4 g6 8.h3 Bg7 9.Nf3 O-O
10.Bd3 Re8  1/2-1/2

[Event "XII Puhajarve Handicap"]
[Site "Puhajarve EST"]
[Date "2011.11.25"]
[Round "1"]
[White "Sepp,O"]
[Black "Ehlvest,J"]
[Result "1-0"]
[WhiteElo "2486"]
[BlackElo "2594"]

1.Nf3 Nf6 2.g3 g6 3.Bg2 Bg7 4.O-O O-O 5.d3 d5 6.Nbd2 c5 7.e4 Nc6 8.c3 e5
9.exd5 Nxd5 10.Re1 Re8 11.Nc4 b5 12.Ne3 Nxe3 13.Bxe3 Qd6 14.Ng5 Bf5 15.Ne4 Bxe4
16.dxe4 Qe7 17.Qd5 Rac8 18.Bxc5 Qc7 19.Be3 b4  1-0

[Event "XII Puhajarve Handicap"]
[Site "Puhajarve EST"]
[Date "2011.11.25"]
[Round "12"]
[White "Ehlvest,J"]
[Black "Lauk,U"]
[Result "1-0"]
[WhiteElo "2594"]
[BlackElo "2394"]

1.d4 d5 2.c4 c6 3.Nf3 Nf6 4.e3 Bf5 5.Nc3 e6 6.Nh4 Bg6 7.Nxg6 hxg6 8.Qc2 Nbd7
9.Bd2 Qc7 10.h3 Be7 11.O-O-O a6 12.Kb1 dxc4 13.Bxc4 b5 14.Be2 c5 15.Bf3 Rc8
16.d5 exd5 17.Nxd5 Nxd5 18.Bxd5 Nf6 19.Bc3 O-O 20.Bxf6 Bxf6 21.Qxg6 Qe5 22.Qc2 c4
23.e4 b4 24.f4 Qxf4 25.Rhf1 Qe5 26.Rf5 Qg3 27.Bxc4 Rfd8 28.Rdf1 Qc7 29.b3 Re8
30.e5 Rxe5 31.Rxf6 gxf6 32.Qg6+ Kf8 33.Qxf6 Rh5 34.Qg6  1-0

[Event "XII Puhajarve Handicap"]
[Site "Puhajarve EST"]
[Date "2011.11.25"]
[Round "13"]
[White "Soot,M"]
[Black "Ehlvest,J"]
[Result "1-0"]
[WhiteElo "2105"]
[BlackElo "2594"]

1.e4 e6 2.d3 d5 3.Nd2 c5 4.g3 Nc6 5.Bg2 g6 6.Ne2 Bg7 7.O-O Nge7 8.h3 O-O
9.Kh2 e5 10.f4 exf4 11.Nxf4 dxe4 12.Nxe4 b6 13.Rb1 Bb7 14.Bd2 Qd7 15.Bc3 Nd4
16.Qd2 a5 17.Rbe1 Rae8 18.a3 a4 19.Ng5 h6 20.Nf3 Nef5 21.Nxd4 Nxd4 22.Qf2 h5
23.Rxe8 Rxe8 24.Re1 Rxe1 25.Bxe1 Be5 26.Bxb7 Qxb7 27.Ng2 Nf3+ 28.Kh1 Nxe1
29.Qxe1 Bxb2 30.Kh2 Qd7 31.Qb1 Qd4 32.Qe1 Qe5 33.Qd2 b5 34.Qa5 Qb8 35.c4 bxc4
36.dxc4 Be5 37.Qe1 Qb2 38.h4 Qc3 39.Kh3 Kg7 40.Qf2 Qxa3 41.Nf4 Bxf4 42.Qxf4 Qc3
43.Qd6 a3 44.Qa6 Qb2 45.Qb7 Qxb7  1-0

[Event "XII Puhajarve Handicap"]
[Site "Puhajarve EST"]
[Date "2011.11.25"]
[Round "14"]
[White "Ehlvest,J"]
[Black "Schuls,O"]
[Result "1/2-1/2"]
[WhiteElo "2594"]
[BlackElo "2224"]

1.e4 c5 2.Nf3 Nc6 3.d4 cxd4 4.Nxd4 Nf6 5.Nc3 d6 6.Bc4 e6 7.Be3 a6 8.Bb3 Na5
9.O-O Qc7 10.f4 Be7 11.f5 Nc4 12.Bxc4 Qxc4 13.Qf3 O-O 14.g4 Nd7 15.Qg2 Ne5
16.g5 Bd7 17.Rf4 Bd8 18.Rd1 Nc6 19.Nxc6 Bxc6 20.Rd4 Qc5 21.Rd3 Qa5 22.fxe6 Bxg5
23.Rxf7 Bxe3+ 24.Rxe3 Rxf7 25.exf7+ Kxf7 26.Qg4 Qe5 27.Rf3+ Kg8 28.Rf5 Qd4+
29.Kg2 Rf8 30.Rxf8+ Kxf8 31.Qf5+ Kg8 32.Qe6+ Kf8 33.Qf5+ Kg8 34.Qe6+  1/2-1/2

[Event "XII Puhajarve Handicap"]
[Site "Puhajarve EST"]
[Date "2011.11.25"]
[Round "15"]
[White "Porrasmaa,T"]
[Black "Ehlvest,J"]
[Result "0-1"]
[WhiteElo "2129"]
[BlackElo "2594"]

1.c4 Nf6 2.Nc3 e5 3.Nf3 Nc6 4.d4 exd4 5.Nxd4 g6 6.g3 Bg7 7.Nxc6 bxc6 8.Bg2 O-O
9.O-O Rb8 10.Qc2 c5 11.Be3 d6 12.Rad1 Bf5 13.Qc1 Qc8 14.b3 Re8 15.Rfe1 Bh3
16.Bh1 Qf5 17.Bf4 Ng4 18.e4 Qe6 19.Nd5 Rbc8 20.Ne3 Ne5 21.f3 h5 22.Nd5 Nc6
23.Be3 Nd4 24.Nf4 Qd7 25.Nxh3 Qxh3 26.Bg2 Qe6 27.Qd2 h4 28.gxh4 a5 29.Qf2 a4
30.Rb1 Rb8 31.Qg3 Nc2 32.Bh3 Qe5 33.Bf4 Qd4+ 34.Kh1 Nxe1 35.Rxe1 axb3 36.axb3 Rxb3
37.h5 gxh5 38.Bf5 Reb8 39.e5 Qc3 40.Rf1 h4 41.Qxh4 dxe5 42.Qh7+ Kf8 43.Bh6 e4
44.Qh8+ Ke7 45.Bg5+ Bf6 46.Qh4 Bxg5 47.Qxg5+ Qf6 48.Qf4 Rb1 49.Qxc7+ Kf8
50.Qxc5+ Qe7  0-1

[Event "XII Puhajarve Handicap"]
[Site "Puhajarve EST"]
[Date "2011.11.25"]
[Round "22"]
[White "Siemer,T"]
[Black "Ehlvest,J"]
[Result "1-0"]
[WhiteElo "2046"]
[BlackElo "2594"]

1.d4 Nf6 2.Nf3 g6 3.g3 Bg7 4.Bg2 O-O 5.O-O d6 6.c4 c6 7.Nc3 Qa5 8.d5 cxd5
9.cxd5 b5 10.Nd4 b4 11.Nb3 Qa6 12.Ne4 Nxe4 13.Bxe4 Bh3 14.Re1 Nd7 15.Nd4 Qc4
16.Be3 Nf6 17.b3 Qa6 18.Bf3 Ng4 19.Bxg4 Bxg4 20.Qd2 Qb7 21.Rac1 Qxd5 22.Qxb4 Bh3
23.f3 Rac8 24.Kf2 h5 25.Qb5 Qa8 26.Nc6 Rfe8 27.Nxa7 Rb8 28.Qd3 Rb7 29.Nc6 Qxa2
30.b4 Bf5 31.Qc4 Qxc4 32.Rxc4 d5 33.Rc5 Bd7 34.b5 e6 35.Rb1 Bf8 36.Rcc1 Ra8
37.b6 Bg7 38.f4 Kh7 39.Ne5 Be8 40.Rc7 Rab8 41.Rxb7 Rxb7 42.Nd3 d4 43.Bd2 Bf8
44.Ba5 Bc6 45.Rc1 Bd5 46.Rc7 Bd6 47.Rxb7 Bxb7 48.Ne5 Kg7 49.Nc4 Bc5 50.Ke1 Bd5
51.Ne5 f6 52.Nd7 Bd6 53.Kd2 Kf7 54.Kd3 Ke7 55.Nxf6 Kxf6 56.Kxd4 Bb7 57.e4 e5+
58.Ke3 Ke6  1-0

[Event "XII Puhajarve Handicap"]
[Site "Puhajarve EST"]
[Date "2011.11.25"]
[Round "24"]
[White "Nyback,T"]
[Black "Ehlvest,J"]
[Result "1-0"]
[WhiteElo "2631"]
[BlackElo "2594"]

1.d4 d5 2.c4 e6 3.Nf3 Nf6 4.g3 Bb4+ 5.Bd2 Be7 6.Bg2 O-O 7.O-O c6 8.Qc2 b6
9.Rd1 Ba6 10.b3 Nbd7 11.a4 c5 12.Na3 Bb7 13.Qb2 a6 14.e3 Rc8 15.Rac1 Rc7
16.a5 Rc8 17.b4 cxd4 18.Nxd4 bxa5 19.bxa5 Nc5 20.Qa2 Qd7 21.cxd5 Bxd5 22.Bxd5 exd5
23.Bb4 Rfd8 24.Nb1 h5 25.Bxc5 Bxc5 26.Nc3 Bb4 27.Nce2 h4 28.Nf4 hxg3 29.hxg3 g5
30.Nd3 Bd6 31.Qe2 Qh3 32.Qf3 Ne4 33.Nf5 Rxc1 34.Rxc1 Bf8 35.Ne5 Nd2 36.Nh6+ Kh8
37.Qf6+ Bg7 38.Qxd8+  1-0

[Event "46th Ilmar Raua Memorial"]
[Site "Vaksali EST"]
[Date "2012.07.07"]
[Round "1"]
[White "Ehlvest,J"]
[Black "Abozenko,G"]
[Result "1-0"]
[WhiteElo "2596"]
[BlackElo "1915"]

1.e4 d5 2.exd5 Nf6 3.c4 e6 4.dxe6 Bxe6 5.Nf3 Nc6 6.Be2 Bc5 7.O-O Nd4 8.Nxd4 Qxd4
9.d3 O-O-O 10.Nd2 Bb6 11.Nf3 Qd6 12.d4 Bxd4 13.Nxd4 Qxd4 14.Qb3 Qb6 15.Qa3 a6
16.Be3 Qd6 17.Qxd6 Rxd6 18.Rfd1 Rhd8 19.Rxd6 Rxd6 20.f3 Bf5 21.Bf4 Rd4 22.Bg5 Ne8
23.g4 Be6 24.b3 f5 25.h3 h6 26.Be3 Rd7 27.Kf2 fxg4 28.hxg4 Nf6 29.Re1 Kd8
30.Bd1 Ke7 31.Bc2 Kf7 32.Bf4 Re7 33.Rd1 Ke8 34.Bg6+ Bf7 35.Bf5 b6 36.Bc8 a5
37.Bb7 Be6 38.Ba6 Kf8 39.Rd8+ Kf7 40.Bb5 Nh7 41.Bc6 Nf6 42.Bb5 Nh7 43.Rb8 Nf6
44.Rb7 g5 45.Bg3 h5 46.gxh5 g4 47.Rxc7 gxf3 48.Rxe7+ Kxe7 49.Kxf3 Bg4+ 50.Ke3 Bd7
51.Bh4 Bxb5 52.cxb5 Ke6 53.Bxf6  1-0

[Event "46th Ilmar Raua Memorial"]
[Site "Vaksali EST"]
[Date "2012.07.07"]
[Round "2"]
[White "Lapidus,M"]
[Black "Ehlvest,J"]
[Result "0-1"]
[WhiteElo "2129"]
[BlackElo "2596"]

1.Nf3 d6 2.d4 g6 3.c4 f5 4.Nc3 Nf6 5.g3 Bg7 6.Bg2 O-O 7.O-O c6 8.Re1 Na6
9.e4 fxe4 10.Nxe4 Nxe4 11.Rxe4 Bf5 12.Re1 e5 13.dxe5 dxe5 14.Bd2 Bg4 15.h3 Bxf3
16.Bxf3 Rxf3 17.Qxf3 Qxd2 18.Red1 Qg5 19.h4 Qf5 20.Qe3 Nb4 21.Rac1 Nc2 22.Qd3 Nd4
23.Qxf5 gxf5 24.Kf1 c5 25.Rb1 a5 26.b3 Ra6 27.Kg2 e4 28.h5 Kf7 29.Rh1 Bh6
30.Rbd1 Ke6 31.Rh4 Rb6 32.Rhh1 Rb4 33.Rb1 Kf6 34.Rhd1 Ke5 35.Rh1 Bd2 36.Rbd1 Bg5
37.Rb1 h6 38.Rhd1 Rb6 39.Kf1 Ra6 40.Kg2 Ra8 41.Kf1 Rg8 42.a3 Be7 43.Rb2 Rg5
44.Rbd2 Rxh5 45.Kg2 Rg5 46.Kf1 Rg6 47.b4 Rb6 48.bxa5 Rb3 49.Ra1 Bg5 50.Rdd1 Bd8
51.Rab1 Bxa5 52.Rxb3 Nxb3 53.Rd7 b6 54.Ke2 Nd2 55.Rh7 Nxc4 56.Rxh6 Nxa3 57.Rh5 Kf6
58.Rh6+ Kg5 59.Rh8 Nc4 60.Rg8+ Kf6 61.Rf8+ Ke6 62.Re8+  0-1

[Event "46th Ilmar Raua Memorial"]
[Site "Vaksali EST"]
[Date "2012.07.07"]
[Round "4"]
[White "Shishkov,A"]
[Black "Ehlvest,J"]
[Result "0-1"]
[WhiteElo "2382"]
[BlackElo "2596"]

1.d4 Nf6 2.c4 e6 3.Nc3 Bb4 4.Qc2 O-O 5.e4 d5 6.e5 Ne4 7.Bd3 c5 8.Nf3 cxd4
9.Nxd4 Nd7 10.Bf4 Ndc5 11.O-O Bxc3 12.bxc3 Bd7 13.Be2 Ba4 14.Qc1 h6 15.f3 Ng5
16.Qa3 Rc8 17.Rab1 dxc4 18.Rb4 Qd7 19.Rxc4 b6 20.Rb1 Nh7 21.Rbb4 Bc6 22.Nxc6 Rxc6
23.Rd4 Qe7 24.Rb1 Rc7 25.Rbd1 Rfc8 26.c4 Nf8 27.Qe3 Ng6 28.Bg3 Qf8 29.Be1 Ne7
30.g4 Nc6 31.Rd6 Nb7 32.Rd7 Rxd7 33.Rxd7 Qc5 34.Bf2 Qxe3 35.Bxe3 Nc5 36.Bxc5 bxc5
37.f4 g5 38.f5 exf5 39.gxf5 Nxe5 40.Rxa7 Kg7 41.Kf2 Kf6 42.Bh5 Rd8 43.a4 Rd2+
44.Kg3 Rd3+ 45.Kg2 Rd4 46.Ra6+ Kxf5 47.Rxh6 Rxc4 48.Ra6 Rc2+ 49.Kg3 Rc3+
50.Kg2 g4 51.Ra7 f6 52.a5 Kf4 53.a6 Rc2+ 54.Kf1 Ra2 55.Rc7 Rxa6 56.Rxc5 Ra1+
57.Kg2 Ra2+ 58.Kh1 Nf3  0-1

[Event "22nd HOF Open 2012"]
[Site "Jyvaskyla FIN"]
[Date "2012.07.09"]
[Round "1"]
[White "Ehlvest,J"]
[Black "Valli,F"]
[Result "1-0"]
[WhiteElo "2596"]
[BlackElo "2252"]

1.c4 Nf6 2.d4 c6 3.Nf3 d5 4.e3 Bf5 5.Nc3 e6 6.Nh4 Bg6 7.Nxg6 hxg6 8.Bd2 Nbd7
9.h3 Be7 10.Be2 O-O 11.O-O a6 12.a3 dxc4 13.Bxc4 c5 14.dxc5 Nxc5 15.Qc2 b5
16.Be2 Rc8 17.Rfd1 Qb6 18.Be1 Rfd8 19.Rxd8+ Qxd8 20.Rd1 Qc7 21.Qb1 Qe5 22.Bf3 Rd8
23.Rxd8+ Bxd8 24.Qc2 Ne8 25.Nd5 Na4 26.Qc8 exd5 27.Qxd8 Nxb2 28.Bxd5 Nc4
29.Bc3 Qxc3 30.Qxe8+ Kh7 31.Qxf7 Qe1+ 32.Kh2 Nd2 33.Qg8+ Kh6 34.Qh8+ Kg5
35.f4+ Kf6 36.Qf8+  1-0

[Event "22nd HOF Open 2012"]
[Site "Jyvaskyla FIN"]
[Date "2012.07.10"]
[Round "3"]
[White "Ehlvest,J"]
[Black "Anttila,P"]
[Result "1-0"]
[WhiteElo "2596"]
[BlackElo "2136"]

1.d4 f5 2.g3 Nf6 3.Bg2 d6 4.Nf3 c6 5.O-O Qc7 6.c4 e5 7.Nc3 e4 8.Ng5 h6 9.Nh3 g5
10.f3 d5 11.cxd5 cxd5 12.Qb3 Qd7 13.fxe4 dxe4 14.e3 Nc6 15.Nf2 h5 16.Bd2 Bd6
17.Nh3 h4 18.Nxg5 hxg3 19.h3 Na5 20.Qb5 Nc6 21.d5 Ne7 22.Qc4 a6 23.Qd4 Rh6
24.Rac1 Bb8 25.Ngxe4 Nxe4 26.Nxe4 Nc6 27.Nf6+ Kd8 28.Rxc6  1-0

[Event "22nd HOF Open 2012"]
[Site "Jyvaskyla FIN"]
[Date "2012.07.13"]
[Round "7.2"]
[White "Ehlvest,J"]
[Black "Gavrilov,Al1"]
[Result "1/2-1/2"]
[WhiteElo "2596"]
[BlackElo "2498"]

1.e4 c6 2.d4 d5 3.Nd2 dxe4 4.Nxe4 Bf5 5.Ng3 Bg6 6.h4 h6 7.Nf3 Nd7 8.Bd3 Bxd3
9.Qxd3 e6 10.Bd2 Qc7 11.Ne4 Ngf6 12.O-O-O O-O-O 13.g3 Nc5 14.Nxc5 Bxc5 15.c4 Bd6
16.Qe2 c5 17.Bc3 cxd4 18.Nxd4 Bc5 19.Nb3 Be7 20.Nd4 Bc5 21.Nb5 Qb6 22.b4 Bxf2
23.c5 Qa6 24.Rd6 Qa4 25.Rhd1 Bxg3 26.Rxd8+ Rxd8 27.Rxd8+ Kxd8 28.Bxf6+ gxf6
29.Qd3+ Ke7 30.Qxg3  1/2-1/2

[Event "22nd HOF Open 2012"]
[Site "Jyvaskyla FIN"]
[Date "2012.07.14"]
[Round "8.1"]
[White "Ehlvest,J"]
[Black "Solozhenkin,E"]
[Result "1-0"]
[WhiteElo "2596"]
[BlackElo "2472"]

1.Nf3 Nf6 2.g3 c5 3.Bg2 g6 4.c4 Bg7 5.O-O O-O 6.d4 cxd4 7.Nxd4 Nc6 8.Nc3 Ng4
9.Ndb5 d6 10.Bd2 a6 11.Na3 Bd7 12.h3 Nf6 13.Rc1 Rc8 14.e4 Qb6 15.Nc2 Ne5
16.b3 Rfd8 17.Qe2 e6 18.Rfd1 Be8 19.Kh2 Qc7 20.Nd4 h6 21.Be3 Qb8 22.f4 Ned7
23.f5 e5 24.Nf3 Nc5 25.fxg6 fxg6 26.Nxe5 Nxb3 27.axb3 dxe5 28.Nd5 Nxd5 29.exd5 b6
30.b4 Bf7 31.c5 bxc5 32.bxc5 e4 33.d6 Qb7 34.Rb1 Qd7 35.Rb6 Qe6 36.d7 Rc6
37.Qxa6 Rxb6 38.Qxb6 Rxd7 39.Rxd7 Qxd7 40.c6 Qf5 41.Qd8+ Kh7 42.Qe7 Be6 43.Bd4 Qf7
44.Qxf7 Bxf7 45.Bb6 Be6 46.Bxe4 Be5 47.Bf3 h5 48.Kg2 Kg7 49.g4 hxg4 50.Bxg4 Bd5+
51.Bf3 Bxc6 52.Bxc6 Bf6 53.Kf3 Bc3 54.Ke4 Bf6 55.Be3 Bc3 56.Be8 Bf6 57.Kd5 Bc3
58.Ke6 Bb2 59.Bd7 Bc3 60.Ke7 Bf6+ 61.Ke8 Bc3 62.Bc5 Bb2 63.Bf8+ Kf6 64.Bh6 g5
65.Bf8 Kg6 66.Bc5 Kg7 67.Ke7 Bc3 68.Ke6 Bb2 69.Be7 Bc1 70.Bf6+ Kf8 71.Kf5 Bd2
72.Be6 Bc1 73.Kg6 Bd2 74.Bc4 Bc1 75.Bg7+  1-0

[Event "22nd HOF Open 2012"]
[Site "Jyvaskyla FIN"]
[Date "2012.07.15"]
[Round "9.1"]
[White "Ebeling,D"]
[Black "Ehlvest,J"]
[Result "0-1"]
[WhiteElo "2328"]
[BlackElo "2596"]

1.e4 c5 2.c3 d5 3.exd5 Qxd5 4.d4 e6 5.Nf3 Nf6 6.Na3 Nc6 7.Nb5 Qd8 8.dxc5 Bxc5
9.Qxd8+ Kxd8 10.Bf4 Ne4 11.Ng5 Nxg5 12.Bxg5+ f6 13.Rd1+ Ke7 14.Bf4 e5 15.Bc1 Rd8
16.Rxd8 Kxd8 17.b4 Bb6 18.Bc4 Ke7 19.Na3 Be6 20.Ke2 Rc8 21.Bxe6 Kxe6 22.Rd1 e4
23.Bf4 Ne5 24.Bxe5 Kxe5 25.c4 Rd8 26.Rxd8 Bxd8 27.c5 a5 28.Nc2 f5 29.g3 g6
30.a3 Kd5 31.Kd2 axb4 32.axb4 Kc4 33.h4 h5 34.Ne3+ Kxb4 35.Nd5+ Kxc5 36.Nf4 Bc7
37.Nxg6 Bd6 38.Nh8 Kd5 39.Nf7 Be7 40.Ke3 Ke6 41.Nh6 Bf8  0-1

[Event "2nd Riga Tech Open"]
[Site "Riga LAT"]
[Date "2012.08.07"]
[Round "2.2"]
[White "Ehlvest,J"]
[Black "Rogule,L"]
[Result "1-0"]
[WhiteElo "2601"]
[BlackElo "2315"]

1.e4 c5 2.Nf3 d6 3.d4 cxd4 4.Nxd4 Nf6 5.Nc3 Nc6 6.Bc4 Qb6 7.Nb3 e6 8.Bf4 Ne5
9.Be2 a6 10.Be3 Qc7 11.f4 Nc4 12.Bxc4 Qxc4 13.Qf3 Bd7 14.O-O-O Rc8 15.Rd2 b5
16.Bb6 Qc6 17.Ba5 Qb7 18.Bb4 d5 19.Bxf8 Kxf8 20.exd5 b4 21.Ne4 Nxe4 22.Qxe4 exd5
23.Qe5 Kg8 24.Re1 h5 25.Qxd5 Bc6 26.Qg5 Rh6 27.Re7 Qb6 28.Nd4 Rd8 29.Qe5 Rhd6
30.Nxc6 Qxc6 31.Rxd6 Rxd6 32.Re8+ Kh7 33.Qxh5+ Rh6 34.Qf5+  1-0

[Event "2nd Riga Tech Open"]
[Site "Riga LAT"]
[Date "2012.08.07"]
[Round "3.2"]
[White "Sipila,V"]
[Black "Ehlvest,J"]
[Result "0-1"]
[WhiteElo "2431"]
[BlackElo "2601"]

1.Nf3 d6 2.d4 g6 3.e4 Nf6 4.Nc3 Bg7 5.Be2 O-O 6.O-O Nc6 7.d5 Nb8 8.Bg5 h6
9.Bf4 e5 10.dxe6 Bxe6 11.Qd2 Kh7 12.Nd4 Bd7 13.Rad1 Re8 14.f3 Nc6 15.Nxc6 bxc6
16.Bc4 Be6 17.Bxe6 Rxe6 18.e5 Nd7 19.exd6 cxd6 20.b3 d5 21.Be3 Qe7 22.Bd4 Bxd4+
23.Qxd4 Nb6 24.Qf2 Re8 25.a4 Nc8 26.Rd2 Nd6 27.Qc5 Qb7 28.Na2 Nf5 29.Nb4 h5
30.a5 h4 31.a6 Qd7 32.Nd3 R6e7 33.Nb4 Re6 34.Nd3 Kg8 35.Qb4 R6e7 36.Qf4 Qd8
37.g4 Qb6+ 38.Kh1 Ne3 39.Rg1 c5 40.g5 Nf5 41.Nf2 Re1 42.Rd1 Rxd1 43.Rxd1 Qa5
44.Qd2 Qxa6 45.Ng4 Kg7 46.Re1 d4 47.Kg2 Re6 48.Re4 Qd6 49.Qe2 Qe7 50.Kg1 Ne3
51.Nf6 Rxe4 52.fxe4 Qe5 53.Kh1 Qxg5 54.Ne8+ Kf8 55.Nd6 Qf4 56.Qa6 Qf3+ 57.Kg1 Qg2+  0-1

[Event "2nd Riga Tech Open"]
[Site "Riga LAT"]
[Date "2012.08.09"]
[Round "5.1"]
[White "Romanov,E"]
[Black "Ehlvest,J"]
[Result "1/2-1/2"]
[WhiteElo "2595"]
[BlackElo "2601"]

1.Nf3 Nf6 2.c4 b6 3.g3 Bb7 4.Bg2 e6 5.O-O Be7 6.Nc3 O-O 7.Re1 Ne4 8.Nxe4 Bxe4
9.d3 Bb7 10.d4 Be4 11.d5 Bf6 12.Nd2 Bxg2 13.Kxg2 d6 14.e4 Re8 15.Nf3 Nd7
16.Nd4 Bxd4 17.Qxd4 e5 18.Qc3 a5 19.Be3 Rf8 20.Qc2 Nc5 21.f3 Qd7 22.g4 h6
23.b3 Rfb8 24.Rab1 Qe7 25.a3 Nd7 26.Qf2 Nf8 27.h4 Ng6 28.Rh1 Qf6 29.Kg3 Qe7
30.h5 Nf8 31.Rhc1 Nd7 32.Qb2 Kh7 33.b4 Rg8 34.Rh1 Ra7 35.Bd2 axb4 36.axb4 Rga8
37.Ra1 Nf6 38.Rxa7 Rxa7 39.Ra1 Rxa1 40.Qxa1 g6 41.hxg6+ fxg6 42.Be3 h5 43.g5 Nd7
44.Qa8 Kg7 45.Qc8 Nf8 46.Kh4 Qf7 47.Kg3 Qe7 48.Qb8 Kf7 49.Qa7 Ke8 50.c5 bxc5
51.bxc5 dxc5 52.Kf2 Nh7 53.Bxc5 Qxg5 54.Qxc7 Qd2+ 55.Kf1 Qc1+ 56.Kg2 Qc2+
57.Kf1 Qc1+ 58.Kg2 Qc2+ 59.Kg3 h4+ 60.Kh3 Ng5+ 61.Kxh4 Qh2+ 62.Kxg5 Qf4+
63.Kxg6 Qh6+  1/2-1/2

[Event "2nd Riga Tech Open"]
[Site "Riga LAT"]
[Date "2012.08.10"]
[Round "7.1"]
[White "Markos,J"]
[Black "Ehlvest,J"]
[Result "1-0"]
[WhiteElo "2559"]
[BlackElo "2601"]

1.d4 d6 2.Nf3 g6 3.c4 f5 4.Nc3 Nf6 5.g3 Bg7 6.Bg2 O-O 7.O-O c6 8.b3 Qa5 9.Bb2 e5
10.Qd2 Na6 11.Rfd1 Qc7 12.dxe5 dxe5 13.Ba3 c5 14.Nd5 Nxd5 15.Qxd5+ Kh8 16.Bb2 Nb4
17.Qxe5 Qxe5 18.Bxe5 a5 19.a3 Nc6 20.Bxg7+ Kxg7 21.Rd5 a4 22.bxa4 Ra5 23.Nd2 Re8
24.e3 Be6 25.Rd6 Rxa4 26.Rxc6 bxc6 27.Bxc6 Rea8 28.Bxa8 Rxa8 29.a4 Ra5 30.Nb3 Ra7
31.Rc1 Bf7 32.Nxc5 Kf6 33.f4 Ra5 34.Nd7+ Ke7 35.Ne5 Rxa4 36.Nxf7 Kxf7 37.c5 Ke7
38.c6 Kd8 39.c7+ Kc8 40.Rc2 Ra1+ 41.Kf2 Rh1 42.Kf3 Rf1+ 43.Kg2 Re1 44.Rc3 Re2+
45.Kh3 Ra2 46.Rc5 Re2 47.Rc3 Ra2 48.g4 fxg4+ 49.Kxg4 Rxh2 50.e4 Rg2+ 51.Kf3 Rg1
52.f5 gxf5 53.exf5 h5 54.Kf4 Rf1+ 55.Kg5 h4 56.f6 h3 57.Rxh3 Kxc7 58.Rd3  1-0

[Event "Vladimir Petrov Memorial"]
[Site "Jurmala LAT"]
[Date "2013.02.15"]
[Round "4.6"]
[White "Ehlvest,J"]
[Black "Krasenkow,M"]
[Result "1/2-1/2"]
[WhiteElo "2613"]
[BlackElo "2643"]

1.d4 Nf6 2.Nf3 g6 3.Bg5 Ne4 4.Bf4 d5 5.e3 c5 6.c3 Qb6 7.Qb3 c4 8.Qc2 Bf5
9.Qc1 Nc6 10.Nbd2 Bg7 11.Be2 O-O 12.O-O Rfe8 13.Nh4 Nxd2 14.Qxd2 Be4 15.f3 Bf5
16.Nxf5 gxf5 17.Bg3 Rad8 18.b3 cxb3 19.axb3 e5 20.Bf2 f4 21.dxe5 fxe3 22.Bxe3 d4
23.cxd4 Bxe5 24.dxe5 Rxd2 25.Bxb6 axb6 26.Rf2 Rxe5 27.Bf1 Rxf2 28.Kxf2 Rc5
29.Rd1 Rc2+ 30.Kg3 Rb2 31.Bc4 Na5 32.Rd8+ Kg7 33.Bd5 Rd2 34.Rd7 Kh6 35.Rd6+ Kg7
36.Rd7 Kh6 37.Rd6+ Kg7 38.Rd7  1/2-1/2